ბათუმის შოთა რუსთაველის სახელმწიფო უნივერსიტეტის ბიბლიოთეკა

Водоснабжение. (ბიბ.ჩანაწერი № 40369)

000 -LEADER
fixed length control field 00638nam a2200229Ia 4500
001 - CONTROL NUMBER
control field 6977
003 - CONTROL NUMBER IDENTIFIER
control field GE_BSU
008 - FIXED-LENGTH DATA ELEMENTS--GENERAL INFORMATION
fixed length control field 181216s||||||||xx |||||||||||||| ||und||
040 ## - CATALOGING SOURCE
Transcribing agency GE_BSU
080 ## - UNIVERSAL DECIMAL CLASSIFICATION NUMBER
Universal Decimal Classification number 628.1(075.8)
100 ## - MAIN ENTRY--PERSONAL NAME
Personal name Абрамов,Н.Н.
245 ## - TITLE STATEMENT
Title Водоснабжение.
245 ## - TITLE STATEMENT
Remainder of title Учебник для вузов.
245 ## - TITLE STATEMENT
Statement of responsibility, etc. Ред. Р.Л.Черкинская, А.А.Минаева.
250 ## - EDITION STATEMENT
Edition statement 3-е изд., перераб. и доп.
260 ## - PUBLICATION, DISTRIBUTION, ETC.
Place of publication, distribution, etc. М.
260 ## - PUBLICATION, DISTRIBUTION, ETC.
Name of publisher, distributor, etc. Стройиздат.
260 ## - PUBLICATION, DISTRIBUTION, ETC.
Date of publication, distribution, etc. 1982.
300 ## - PHYSICAL DESCRIPTION
Extent 440с.ил.27см.
653 ## - INDEX TERM--UNCONTROLLED
Uncontrolled term Водоснабжение.
942 ## - ADDED ENTRY ELEMENTS (KOHA)
Koha item type წიგნი
ეგზემპლარები
Withdrawn status Lost status Damaged status Not for loan Date acquired Barcode Date last seen Price effective from Koha item type
        2018-12-17 11891 2018-12-17 2018-12-17 წიგნი
        2018-12-17 11892 2018-12-17 2018-12-17 წიგნი
        2018-12-17 11893 2018-12-17 2018-12-17 წიგნი